[Event "8.HK 61 aars Jubilaeumsturnering 2004"]
[Site "Farum"]
[Date "2004.10.10"]
[Round "1"]
[White "Fries Nielsen, Jens Ove"]
[Black "Larsen, Thomas"]
[Result "1-0"]
[WhiteElo "2379"]
[BlackElo "1856"]
[PlyCount "49"]
[EventDate "2004.??.??"]

1. d4 e6 2. Nf3 f5 3. Bg5 Nf6 4. e3 Be7 5. c4 O-O 6. Nc3 d6 7. Be2 Nbd7 8. Qc2
a6 9. h3 g6 10. O-O-O Nh5 11. Bh6 Ng7 12. g4 Nf6 13. gxf5 exf5 14. Ng5 d5 15.
cxd5 Nxd5 16. Nxd5 Bxg5 17. Bxg5 Qxg5 18. h4 Qd8 19. h5 c6 20. Nf4 g5 21. Bc4+
Kh8 22. Ng6+ hxg6 23. hxg6+ Nh5 24. Rxh5+ Kg7 25. Rh7+ 1-0

[Event "8.HK 61 aars Jubilaeumsturnering 2004"]
[Site "Farum"]
[Date "2004.10.10"]
[Round "1"]
[White "Lavrsen, Frands Winther"]
[Black "Hove, Esben Kjems"]
[Result "0-1"]
[WhiteElo "1778"]
[BlackElo "2300"]
[PlyCount "94"]
[EventDate "2004.??.??"]

1. f4 d5 2. Nf3 Nf6 3. e3 Bf5 4. Be2 h6 5. O-O e6 6. b3 Nbd7 7. Bb2 Be7 8. a4
c6 9. Na3 O-O 10. Rc1 Bd6 11. Ne5 Qe7 12. Nb1 Rfd8 13. Qe1 Bh7 14. Rf3 Ne8 15.
g4 f6 16. Nd3 e5 17. Rh3 Bxd3 18. Bxd3 exf4 19. Qh4 Ne5 20. Bf5 Nf7 21. exf4
Bxf4 22. Re1 Qc5+ 23. d4 Qf8 24. Qh5 Ng5 25. Rd3 Nd6 26. Ba3 Qf7 27. Bg6 Qc7
28. h4 Nge4 29. Rf3 Ng3 30. Rxg3 Bxg3 31. Re6 Ne4 32. Bxe4 Qf4 33. Qf5 dxe4 34.
Qxf4 Bxf4 35. Rxe4 Rxd4 36. Rxd4 Be3+ 37. Kg2 Bxd4 38. Nd2 Re8 39. Kf3 Re3+ 40.
Kf4 g5+ 41. Kf5 Kf7 42. Nc4 Rf3+ 43. Ke4 Rf4+ 44. Kd3 Ke6 45. hxg5 hxg5 46. Nd6
Bb2 47. Bc5 b6 0-1

[Event "8.HK 61 aars Jubilaeumsturnering 2004"]
[Site "Farum"]
[Date "2004.10.10"]
[Round "1"]
[White "Damm, Kasper Wilken"]
[Black "Nielsen, Marianne Izaura"]
[Result "1-0"]
[WhiteElo "2238"]
[BlackElo "1634"]
[PlyCount "73"]
[EventDate "2004.??.??"]

1. e4 c5 2. Nf3 Nc6 3. Bb5 Nf6 4. Bxc6 dxc6 5. d3 e6 6. O-O Be7 7. a4 Qc7 8. a5
e5 9. Nbd2 Bg4 10. b3 O-O 11. Bb2 Nd7 12. Nc4 f6 13. Ne3 Be6 14. Nd2 Rfd8 15.
Nf5 Nf8 16. Qg4 g6 17. Nxe7+ Qxe7 18. Qg3 Nd7 19. f4 exf4 20. Qxf4 Rf8 21. Qc7
f5 22. a6 b6 23. Qg3 Rac8 24. Rae1 Qd8 25. Qd6 Re8 26. Qf4 Rf8 27. Qh6 Rf7 28.
g4 Nf6 29. gxf5 Ng4 30. Qh3 gxf5 31. exf5 Bxf5 32. Ne4 Qd7 33. Qg3 Kf8 34. Qd6+
Kg8 35. Qxd7 Bxd7 36. Rxf7 Kxf7 37. Nd6+ 1-0

[Event "8.HK 61 aars Jubilaeumsturnering 2004"]
[Site "Farum"]
[Date "2004.10.10"]
[Round "1"]
[White "Forsmann, Henning"]
[Black "Pedersen, Henrik Bolding"]
[Result "0-1"]
[WhiteElo "1631"]
[BlackElo "2235"]
[PlyCount "120"]
[EventDate "2004.??.??"]

1. Nf3 Nf6 2. d4 d5 3. g3 e6 4. Bg2 Be7 5. O-O O-O 6. c4 dxc4 7. Qc2 a6 8. Qxc4
b5 9. Qc2 Bb7 10. Nbd2 Nc6 11. a3 Rc8 12. Nb3 Ba8 13. Bd2 Qd5 14. Rac1 Qe4 15.
Ne1 Qxc2 16. Rxc2 Nd5 17. Nd3 Bd6 18. e4 Nb6 19. e5 Nc4 20. exd6 cxd6 21. Bc3
a5 22. d5 Ne7 23. dxe6 fxe6 24. Nd4 Bxg2 25. Kxg2 Nd5 26. Re2 e5 27. Nxb5 Rce8
28. Re4 Nxc3 29. Nxc3 Nd2 30. Ra4 Nxf1 31. Kxf1 Ra8 32. Nd5 Rfb8 33. Ke2 Kf7
34. f4 Ra7 35. fxe5 dxe5 36. Re4 Ke6 37. N5f4+ Kd6 38. Ng2 Rb5 39. Ne3 Rc7 40.
Nc4+ Kd5 41. Nd2 Kd6 42. Ke3 Rc2 43. Nc4+ Kd5 44. Ndxe5 Rb3+ 45. Nd3 Rxc4 46.
Re7 Rc2 47. Rxg7 Rxh2 48. Rg5+ Kd6 49. Rxa5 Rhxb2 50. Ra6+ Kd5 51. Ra5+ Ke6 52.
Ra6+ Kf5 53. a4 Rg2 54. Kf3 Rd2 55. g4+ Kg5 56. Ra5+ Kg6 57. Ra6+ Kf7 58. Ra7+
Ke6 59. Ra6+ Kd5 60. Ra5+ Kc4 0-1

[Event "8.HK 61 aars Jubilaeumsturnering 2004"]
[Site "Farum"]
[Date "2004.10.10"]
[Round "1"]
[White "Petersen, Peter Birk"]
[Black "Bostrup, Tomas Due"]
[Result "1-0"]
[WhiteElo "2210"]
[BlackElo "1623"]
[PlyCount "33"]
[EventDate "2004.??.??"]

1. e4 d6 2. d4 Nf6 3. Nc3 g6 4. Nf3 Bg7 5. Bg5 O-O 6. Qd2 Re8 7. h3 c5 8. dxc5
dxc5 9. Qxd8 Rxd8 10. e5 Nd5 11. O-O-O Be6 12. Bc4 f6 13. Nxd5 Bxd5 14. Rxd5
Rxd5 15. Bxd5+ Kf8 16. Bxb7 fxg5 17. Bxa8 1-0

[Event "8.HK 61 aars Jubilaeumsturnering 2004"]
[Site "Farum"]
[Date "2004.10.10"]
[Round "1"]
[White "Hansen, Torben Elleby"]
[Black "Nielsen, Nicholas Roland"]
[Result "0-1"]
[WhiteElo "1583"]
[BlackElo "2169"]
[PlyCount "54"]
[EventDate "2004.??.??"]

1. e4 c5 2. b4 cxb4 3. a3 d5 4. exd5 Qxd5 5. Nf3 e6 6. c4 bxc3 7. Nxc3 Qa5 8.
Qb3 Nf6 9. Bb5+ Bd7 10. O-O Nc6 11. Bb2 Be7 12. d4 O-O 13. d5 exd5 14. Nxd5
Nxd5 15. Qxd5 Be6 16. Qh5 h6 17. g4 Rfd8 18. g5 Qxb5 19. Bxg7 Qf5 20. Qxh6 Qg4+
21. Kh1 Qxf3+ 22. Kg1 Qg4+ 23. Kh1 Bd5+ 24. f3 Bxf3+ 25. Rxf3 Qxf3+ 26. Kg1
Bc5+ 27. Bd4 Bxd4# 0-1

[Event "8.HK 61 aars Jubilaeumsturnering 2004"]
[Site "Farum"]
[Date "2004.10.10"]
[Round "1"]
[White "Nilsson, Lars Kjoller"]
[Black "Christoffersen, Eskild"]
[Result "1-0"]
[WhiteElo "2074"]
[BlackElo "1489"]
[PlyCount "61"]
[EventDate "2004.??.??"]

1. e4 e5 2. Nf3 Nf6 3. Nxe5 d6 4. Nf3 Nxe4 5. d4 d5 6. Bd3 Bd6 7. c4 Bb4+ 8.
Nbd2 O-O 9. h3 Nc6 10. O-O Nxd2 11. Bxd2 Bxd2 12. Qxd2 Be6 13. c5 Qd7 14. Qf4
h6 15. Rac1 Rac8 16. Rc3 Qd8 17. Bb1 Ne7 18. Re1 c6 19. Ne5 Rc7 20. Rg3 Kh8 21.
Ree3 Ng8 22. Rg6 Re7 23. Rxe6 Rxe6 24. Qf5 Nf6 25. Nxf7+ Rxf7 26. Rxe6 Qg8 27.
Qe5 Qf8 28. Bg6 Rd7 29. g4 Qd8 30. h4 Kg8 31. g5 1-0

[Event "8.HK 61 aars Jubilaeumsturnering 2004"]
[Site "Farum"]
[Date "2004.10.10"]
[Round "1"]
[White "Pedersen, Jens Kornbaek"]
[Black "Ulrich, Jesper"]
[Result "0-1"]
[WhiteElo "1364"]
[BlackElo "2070"]
[PlyCount "72"]
[EventDate "2004.??.??"]

1. c4 Nf6 2. Nc3 e6 3. d4 d5 4. cxd5 exd5 5. g3 c6 6. Bg2 Bf5 7. a3 Bd6 8. Nf3
Nbd7 9. O-O Qc7 10. Nd2 O-O 11. e4 dxe4 12. Ncxe4 Nxe4 13. Nxe4 Nb6 14. Qf3 Bg6
15. b3 Bxe4 16. Qxe4 Rfe8 17. Qd3 Rad8 18. Bb2 Be5 19. Rac1 Re7 20. Rc5 Qd6 21.
Rd1 Bf6 22. Rh5 g6 23. Rh3 c5 24. Qd2 Bxd4 25. Qh6 f5 26. Bxd4 cxd4 27. Qh4
Red7 28. Qg5 Qxa3 29. g4 fxg4 30. Qxg4 Qd6 31. Be4 Rf8 32. Rh6 Qf4 33. Qe6+ Qf7
34. Qg4 Kg7 35. Rxh7+ Kxh7 36. Bxg6+ Qxg6 0-1

[Event "8.HK 61 aars Jubilaeumsturnering 2004"]
[Site "Farum"]
[Date "2004.10.10"]
[Round "1"]
[White "Andersen, Rune"]
[Black "Olsen, Ole"]
[Result "1-0"]
[WhiteElo "2054"]
[BlackElo "1324"]
[PlyCount "53"]
[EventDate "2004.??.??"]

1. d4 d5 2. c4 dxc4 3. e4 e6 4. Bxc4 c6 5. Nf3 Nf6 6. e5 Nd5 7. O-O h6 8. Nc3
Bb4 9. Bd2 Nxc3 10. bxc3 Be7 11. Qe2 O-O 12. Qe4 f5 13. exf6 Rxf6 14. Bd3 Nd7
15. Qh7+ Kf7 16. Ne5+ Nxe5 17. dxe5 Qg8 18. Qxg8+ Kxg8 19. exf6 Bxf6 20. Bg6
Kf8 21. Rad1 Ke7 22. c4 b6 23. Rfe1 c5 24. Bf4 Bd4 25. Be4 Bb7 26. Bxb7 Rd8 27.
Be4 1-0

[Event "8.HK 61 aars Jubilaeumsturnering 2004"]
[Site "Farum"]
[Date "2004.10.10"]
[Round "1"]
[White "Hein, Jacob"]
[Black "Mortensen, Henrik"]
[Result "0-1"]
[WhiteElo "1282"]
[BlackElo "2030"]
[PlyCount "76"]
[EventDate "2004.??.??"]

1. Nf3 c5 2. d4 Nf6 3. d5 e6 4. d6 Qb6 5. Nc3 Qxd6 6. Qxd6 Bxd6 7. Nb5 Ke7 8.
Bg5 Nc6 9. Nxd6 Kxd6 10. Rd1+ Ke7 11. e4 h6 12. Bxf6+ Kxf6 13. c3 Rd8 14. Bc4
a6 15. Be2 b5 16. O-O Bb7 17. Nd2 d5 18. f4 Ke7 19. Bf3 Na5 20. b3 d4 21. Nb1
Rd7 22. Rd2 Rad8 23. Rfd1 dxc3 24. Rxd7+ Rxd7 25. Rxd7+ Kxd7 26. Nxc3 c4 27. b4
Nc6 28. e5 Kc7 29. a3 Nd4 30. Bd1 Kb6 31. Kf2 a5 32. g4 axb4 33. axb4 g5 34.
Ke3 Nc6 35. Na2 Ne7 36. f5 exf5 37. Kd4 f4 38. Be2 Nc6+ 0-1

[Event "8.HK 61 aars Jubilaeumsturnering 2004"]
[Site "Farum"]
[Date "2004.10.11"]
[Round "2"]
[White "Nielsen, Nicholas Roland"]
[Black "Fries Nielsen, Jens Ove"]
[Result "0-1"]
[WhiteElo "2169"]
[BlackElo "2379"]
[PlyCount "62"]
[EventDate "2004.??.??"]

1. e4 g6 2. d4 Bg7 3. Nc3 a6 4. Be3 b5 5. Qd2 Bb7 6. f3 d6 7. g4 Nd7 8. h4 h6
9. Nge2 b4 10. Nd1 a5 11. Ng3 e6 12. Bg2 Ne7 13. f4 c5 14. dxc5 Nxc5 15. e5
Bxg2 16. Qxg2 Nd5 17. Ne4 Nxe4 18. Qxe4 dxe5 19. fxe5 Rc8 20. Bd4 O-O 21. Nf2
Rc4 22. O-O-O Qc7 23. Rhe1 Rc8 24. Kb1 a4 25. g5 h5 26. Qd3 a3 27. Ne4 Rxd4 28.
Qxd4 Qxc2+ 29. Ka1 Rc4 30. Rc1 Qxc1+ 31. Rxc1 Rxc1# 0-1

[Event "8.HK 61 aars Jubilaeumsturnering 2004"]
[Site "Farum"]
[Date "2004.10.11"]
[Round "2"]
[White "Hove, Esben Kjems"]
[Black "Nilsson, Lars Kjoller"]
[Result "1-0"]
[WhiteElo "2300"]
[BlackElo "2074"]
[PlyCount "51"]
[EventDate "2004.??.??"]

1. d4 Nf6 2. Nf3 c5 3. d5 e6 4. c4 b5 5. dxe6 fxe6 6. cxb5 d5 7. e3 Be7 8. Be2
O-O 9. O-O a6 10. b3 Qb6 11. bxa6 Ne4 12. Bb2 Bxa6 13. Nbd2 Bf6 14. Bxf6 Nxf6
15. Ne5 Bxe2 16. Qxe2 Nbd7 17. Ndf3 Nxe5 18. Nxe5 Ra5 19. Rfc1 Rfa8 20. Qc2 Rb5
21. a4 Rxb3 22. Qxc5 Qb8 23. Nc6 Qe8 24. Qc2 Rb7 25. Nd4 Rba7 26. Nb5 1-0

[Event "8.HK 61 aars Jubilaeumsturnering 2004"]
[Site "Farum"]
[Date "2004.10.11"]
[Round "2"]
[White "Ulrich, Jesper"]
[Black "Damm, Kasper Wilken"]
[Result "0-1"]
[WhiteElo "2070"]
[BlackElo "2238"]
[PlyCount "74"]
[EventDate "2004.??.??"]

1. d4 g6 2. c4 Bg7 3. Nc3 c5 4. d5 d6 5. e4 Nf6 6. Be2 O-O 7. Bg5 h6 8. Bh4 e6
9. Qd2 exd5 10. cxd5 Re8 11. f3 a6 12. a4 Nxe4 13. Bxd8 Nxd2 14. Bc7 Nb3 15.
Ra3 Nd4 16. Kd2 Nd7 17. Bxd6 b6 18. Bd3 Ne5 19. Bc7 Nxd3 20. Kxd3 b5 21. axb5
Nxb5 22. Nxb5 axb5 23. Rxa8 Bf5+ 24. Kd2 Rxa8 25. g4 Bd7 26. Bd6 c4 27. Ba3 c3+
28. bxc3 Rxa3 29. Ne2 b4 30. cxb4 Rxf3 31. Rc1 Bxg4 32. Rc4 Bf5 33. b5 Rd3+ 34.
Ke1 Rxd5 35. Rb4 Bd3 36. b6 Rb5 37. Rxb5 Bxb5 0-1

[Event "8.HK 61 aars Jubilaeumsturnering 2004"]
[Site "Farum"]
[Date "2004.10.11"]
[Round "2"]
[White "Pedersen, Henrik Bolding"]
[Black "Andersen, Rune"]
[Result "0-1"]
[WhiteElo "2235"]
[BlackElo "2054"]
[PlyCount "118"]
[EventDate "2004.??.??"]

1. e4 c5 2. Nf3 Nc6 3. Bb5 g6 4. Bxc6 dxc6 5. O-O Bg7 6. d3 h5 7. Nc3 e5 8. Be3
b6 9. Qd2 Bg4 10. Ne1 Qd6 11. f3 Be6 12. f4 Ne7 13. Nf3 O-O-O 14. fxe5 Bxe5 15.
Nxe5 Qxe5 16. a4 a5 17. Bf4 Qd4+ 18. Be3 Qg7 19. Bg5 f5 20. Rae1 Rd7 21. exf5
Bxf5 22. Bxe7 Rxe7 23. Rxe7 Qxe7 24. Re1 Qd7 25. Qe3 h4 26. Qe5 Qd4+ 27. Qxd4
cxd4 28. Ne4 Kc7 29. Ng5 Kd7 30. Nf7 Rh7 31. Ne5+ Kc7 32. Nf3 c5 33. b3 Kd7 34.
Ne5+ Kc7 35. Nf3 Kd7 36. Kf2 Kd8 37. Ng5 Re7 38. Rxe7 Kxe7 39. Kf3 Kf6 40. Kf4
Ke7 41. Nf3 Kf6 42. Ng5 Ke7 43. Ne4 Ke6 44. Nd2 Kd5 45. Nc4 Kc6 46. Ne5+ Kd5
47. Nc4 Kc6 48. Kg5 b5 49. Ne5+ Kd5 50. Nxg6 bxa4 51. bxa4 Bd7 52. Kxh4 Bxa4
53. Nf4+ Ke5 54. Kg5 Bxc2 55. h4 c4 56. h5 cxd3 57. h6 d2 58. Ng6+ Bxg6 59.
Kxg6 d1=Q 0-1

[Event "8.HK 61 aars Jubilaeumsturnering 2004"]
[Site "Farum"]
[Date "2004.10.11"]
[Round "2"]
[White "Mortensen, Henrik"]
[Black "Petersen, Peter Birk"]
[Result "1/2-1/2"]
[WhiteElo "2030"]
[BlackElo "2210"]
[PlyCount "103"]
[EventDate "2004.??.??"]

1. d4 Nf6 2. Nc3 d6 3. e4 g6 4. g3 Bg7 5. Bg2 O-O 6. Nge2 c6 7. a4 e5 8. h3 Na6
9. Be3 Qe7 10. O-O Nc7 11. a5 Ne6 12. Qd2 exd4 13. Nxd4 Nc5 14. f3 Re8 15. Bf2
Ne6 16. Rfd1 Nc7 17. Re1 Qf8 18. f4 a6 19. Rad1 Nb5 20. Ndxb5 axb5 21. Bb6 b4
22. Na4 Nd7 23. Bc7 Bf6 24. Qxb4 c5 25. Qd2 Be7 26. Nc3 Ra6 27. Nb5 Qg7 28.
Bxd6 Qxb2 29. c4 Qxd2 30. Rxd2 Rxa5 31. Bxe7 Rxe7 32. Nd6 Ra8 33. e5 Kg7 34.
Rb1 Nf8 35. Nxc8 Rxc8 36. Rxb7 Rcc7 37. Rdb2 Ne6 38. Bd5 Nd4 39. Rxc7 Rxc7 40.
Rb7 Rxb7 41. Bxb7 f6 42. exf6+ Kxf6 43. Kf2 h6 44. Bc8 g5 45. fxg5+ hxg5 46.
Ke3 Ke5 47. h4 gxh4 48. gxh4 Nc6 49. h5 Kf6 50. Bb7 Ne5 51. Ba6 Kg5 52. Ke4
1/2-1/2

[Event "8.HK 61 aars Jubilaeumsturnering 2004"]
[Site "Farum"]
[Date "2004.10.11"]
[Round "2"]
[White "Larsen, Thomas"]
[Black "Hansen, Torben Elleby"]
[Result "1/2-1/2"]
[WhiteElo "1856"]
[BlackElo "1583"]
[PlyCount "24"]
[EventDate "2004.??.??"]

1. e4 Nf6 2. e5 Nd5 3. d4 d6 4. f4 dxe5 5. fxe5 Nc6 6. Nf3 Bf5 7. Bd3 Bxd3 8.
cxd3 e6 9. O-O Be7 10. Nc3 g5 11. Nxg5 Bxg5 12. Qh5 Nf4 1/2-1/2

[Event "8.HK 61 aars Jubilaeumsturnering 2004"]
[Site "Farum"]
[Date "2004.10.11"]
[Round "2"]
[White "Christoffersen, Eskild"]
[Black "Lavrsen, Frands Winther"]
[Result "0-1"]
[WhiteElo "1489"]
[BlackElo "1778"]
[PlyCount "82"]
[EventDate "2004.??.??"]

1. e4 c5 2. Nf3 Nc6 3. d4 cxd4 4. Nxd4 g6 5. Nc3 Bg7 6. Be3 Nf6 7. Qd2 d6 8.
O-O-O Ng4 9. Nxc6 bxc6 10. Bf4 Qb6 11. f3 Rb8 12. Na4 Bxb2+ 13. Kb1 Qb7 14. Nc5
Bc3+ 15. Nxb7 Rxb7+ 16. Kc1 Bxd2+ 17. Rxd2 Nf6 18. h4 Be6 19. c4 O-O 20. Rb2
Rfb8 21. Rxb7 Rxb7 22. g4 Rb4 23. Rh2 Bxc4 24. Bxc4 Rxc4+ 25. Rc2 Rxc2+ 26.
Kxc2 h5 27. gxh5 Nxh5 28. Be3 c5 29. Kd3 Ng7 30. Kc4 a6 31. a4 Kf8 32. Kd5 Ke8
33. Kc6 Ne6 34. Kb6 Kd7 35. Kxa6 Kc6 36. f4 Nc7+ 37. Ka7 d5 38. exd5+ Nxd5 39.
Bd2 c4 40. a5 c3 41. Bc1 Nb4 0-1

[Event "8.HK 61 aars Jubilaeumsturnering 2004"]
[Site "Farum"]
[Date "2004.10.11"]
[Round "2"]
[White "Nielsen, Marianne Izaura"]
[Black "Pedersen, Jens Kornbaek"]
[Result "1-0"]
[WhiteElo "1634"]
[BlackElo "1364"]
[PlyCount "65"]
[EventDate "2004.??.??"]

1. e4 c5 2. Nf3 Nc6 3. Bb5 g6 4. Bxc6 bxc6 5. O-O Bg7 6. c3 e5 7. d3 d5 8. Re1
d4 9. c4 Ne7 10. Qa4 O-O 11. Nbd2 Qc7 12. Nb3 Qd6 13. Qa5 f5 14. Qxc5 Qe6 15.
exf5 Rxf5 16. Nfxd4 Qf6 17. Nxf5 Bxf5 18. d4 e4 19. Bf4 Rf8 20. Be5 Qh4 21.
Bxg7 Kxg7 22. Qe5+ Kg8 23. Rf1 h6 24. Nc5 Kh7 25. Rae1 Ng8 26. Nxe4 Bg4 27. Ng3
Nf6 28. Qc7+ Kg8 29. Re7 Bd7 30. Rxd7 Nxd7 31. Qxd7 Qf6 32. Ne4 Qf4 33. Qxc6
1-0

[Event "8.HK 61 aars Jubilaeumsturnering 2004"]
[Site "Farum"]
[Date "2004.10.11"]
[Round "2"]
[White "Olsen, Ole"]
[Black "Forsmann, Henning"]
[Result "0-1"]
[WhiteElo "1324"]
[BlackElo "1631"]
[PlyCount "70"]
[EventDate "2004.??.??"]

1. e4 e6 2. Nf3 d5 3. e5 c5 4. d4 cxd4 5. Bb5+ Nc6 6. Nxd4 Bd7 7. Nxc6 bxc6 8.
Bd3 Qb6 9. O-O Ne7 10. Nd2 Ng6 11. Nf3 Be7 12. Bxg6 hxg6 13. b3 c5 14. c3 Bc6
15. Be3 Qa5 16. Qd3 Bb5 17. c4 dxc4 18. bxc4 Bc6 19. Bg5 Rd8 20. Qe3 Rh5 21.
Bxe7 Kxe7 22. Ne1 Rd4 23. Nd3 Be4 24. Rfd1 Qa4 25. Nb2 Qd7 26. f4 Rh8 27. Qc3
Rb8 28. Rxd4 cxd4 29. Qa3+ Ke8 30. Rd1 Rd8 31. Nd3 Qc6 32. Rd2 Qxc4 33. Nf2 Bc6
34. Qxa7 Qd5 35. Nh3 Qe4 0-1

[Event "8.HK 61 aars Jubilaeumsturnering 2004"]
[Site "Farum"]
[Date "2004.10.11"]
[Round "2"]
[White "Bostrup, Tomas Due"]
[Black "Hein, Jacob"]
[Result "1-0"]
[WhiteElo "1623"]
[BlackElo "1282"]
[PlyCount "55"]
[EventDate "2004.??.??"]

1. d4 Nf6 2. c4 e6 3. Nc3 Bb4 4. Bd2 c5 5. e3 Nc6 6. Nf3 cxd4 7. exd4 d5 8. a3
Bxc3 9. bxc3 b6 10. Bd3 dxc4 11. Bxc4 O-O 12. O-O Qc7 13. Qc1 Bb7 14. Bf4 e5
15. dxe5 Nh5 16. Re1 Na5 17. Ba2 Kh8 18. Bd2 Nc4 19. Bxc4 Qxc4 20. Nd4 Rae8 21.
g4 Qc8 22. f3 g6 23. gxh5 gxh5 24. Bg5 Rg8 25. Kf2 Rg6 26. Bf6+ Kg8 27. Rg1 Be4
28. Qh6 1-0

[Event "8.HK 61 aars Jubilaeumsturnering 2004"]
[Site "Farum"]
[Date "2004.10.12"]
[Round "3"]
[White "Fries Nielsen, Jens Ove"]
[Black "Damm, Kasper Wilken"]
[Result "1/2-1/2"]
[WhiteElo "2379"]
[BlackElo "2238"]
[PlyCount "92"]
[EventDate "2004.??.??"]

1. d4 Nf6 2. Bg5 g6 3. Bxf6 exf6 4. e4 Bg7 5. Bd3 c6 6. Ne2 Na6 7. O-O Nc7 8.
c4 O-O 9. Nbc3 d6 10. b4 b6 11. d5 c5 12. a3 Bd7 13. Rb1 cxb4 14. axb4 a5 15.
b5 Kh8 16. Na4 Rb8 17. Bc2 Rb7 18. Nd4 f5 19. exf5 Qf6 20. Nc6 Bxf5 21. Bxf5
Qxf5 22. Re1 Qf4 23. Qe2 Bf6 24. g3 Qg5 25. Qf3 Kg7 26. Re2 h5 27. h4 Qf5 28.
Qxf5 gxf5 29. Rbe1 f4 30. Re4 fxg3 31. fxg3 Rh8 32. Kg2 Kf8 33. R1e3 Rh6 34.
Kf3 Rg6 35. Ke2 Bg7 36. Ne7 Rg4 37. Rxg4 hxg4 38. Nf5 Be5 39. Nh6 f5 40. Nxf5
Ne8 41. Kd3 Nf6 42. Nd4 Nh5 43. Ne6+ Kg8 44. Re4 Nf6 45. Re3 Nh5 46. Re4 Nf6
1/2-1/2

[Event "8.HK 61 aars Jubilaeumsturnering 2004"]
[Site "Farum"]
[Date "2004.10.12"]
[Round "3"]
[White "Andersen, Rune"]
[Black "Hove, Esben Kjems"]
[Result "0-1"]
[WhiteElo "2054"]
[BlackElo "2300"]
[PlyCount "70"]
[EventDate "2004.??.??"]

1. d4 Nf6 2. c4 e6 3. Nc3 Bb4 4. Bg5 c5 5. d5 h6 6. Bh4 d6 7. e3 e5 8. Qc2
Bxc3+ 9. Qxc3 Nxd5 10. Bxd8 Nxc3 11. Bc7 Ne4 12. f3 Na6 13. Ba5 b6 14. Bd3 Nf6
15. Bc3 O-O 16. Rd1 Be6 17. b3 Nc7 18. Ne2 a6 19. Kf2 Rfb8 20. g4 b5 21. Ng3 a5
22. Ne4 Nxe4+ 23. Bxe4 Ra6 24. f4 f6 25. f5 Bf7 26. Bd3 d5 27. cxd5 Nxd5 28.
Ba1 a4 29. Be4 Nb6 30. Rc1 axb3 31. axb3 Ra2+ 32. Kf3 c4 33. bxc4 Nxc4 34. Bc3
b4 35. Be1 Ra3 0-1

[Event "8.HK 61 aars Jubilaeumsturnering 2004"]
[Site "Farum"]
[Date "2004.10.12"]
[Round "3"]
[White "Petersen, Peter Birk"]
[Black "Pedersen, Henrik Bolding"]
[Result "1/2-1/2"]
[WhiteElo "2210"]
[BlackElo "2235"]
[PlyCount "43"]
[EventDate "2004.??.??"]

1. e4 d5 2. exd5 Qxd5 3. Nc3 Qa5 4. d4 Nf6 5. Nf3 c6 6. Bd2 Bf5 7. Bc4 e6 8.
O-O Qc7 9. Ne5 Nbd7 10. Re1 Nxe5 11. dxe5 Nd5 12. Ne4 O-O-O 13. Bd3 h6 14. Qf3
Kb8 15. a3 g5 16. Rad1 g4 17. Qg3 h5 18. Bg5 Be7 19. Qh4 Bxg5 20. Qxg5 Qxe5 21.
Ng3 Qf6 22. Qxf6 1/2-1/2

[Event "8.HK 61 aars Jubilaeumsturnering 2004"]
[Site "Farum"]
[Date "2004.10.12"]
[Round "3"]
[White "Nielsen, Nicholas Roland"]
[Black "Mortensen, Henrik"]
[Result "1-0"]
[WhiteElo "2169"]
[BlackElo "2030"]
[PlyCount "141"]
[EventDate "2004.??.??"]

1. e4 Nf6 2. e5 Nd5 3. d4 d6 4. c4 Nb6 5. exd6 cxd6 6. Nc3 g6 7. Be2 Bg7 8. Be3
Nc6 9. Qd2 d5 10. Nf3 Nxc4 11. Bxc4 dxc4 12. d5 Ne5 13. Nxe5 Bxe5 14. Bd4 Bxd4
15. Qxd4 O-O 16. h4 e5 17. Qxc4 h5 18. Rd1 Bf5 19. d6 Rc8 20. Qb4 Be6 21. Qxb7
Rb8 22. Qxa7 Rxb2 23. O-O Qxh4 24. Qe7 Qb4 25. Nd5 Qa5 26. Nf6+ Kg7 27. Ne8+
Rxe8 28. Qxe8 Rd2 29. a4 Qd5 30. Rxd2 Qxd2 31. Qe7 Qd4 32. a5 h4 33. Re1 h3 34.
gxh3 Qc3 35. Re3 Qc1+ 36. Kh2 Qf1 37. Qh4 Bd5 38. f3 Bxf3 39. Rxf3 Qxf3 40. Qe1
Qf4+ 41. Kg2 Qd4 42. d7 Qxd7 43. Qxe5+ Kh7 44. Qc3 Qd5+ 45. Kf2 Qf5+ 46. Ke2
Qe4+ 47. Kd2 Qg2+ 48. Kc1 f5 49. Qc7+ Kh6 50. Qf4+ Kh7 51. Qh4+ Kg7 52. Qe7+
Kg8 53. Qe6+ Kg7 54. a6 Qxh3 55. Qe5+ Kf7 56. Qc7+ Kf6 57. a7 Qh1+ 58. Kb2 Qg2+
59. Kb3 Qd5+ 60. Kb4 Qd4+ 61. Kb5 Qd5+ 62. Qc5 Qd3+ 63. Kb6 Qb3+ 64. Kc6 Qa4+
65. Kc7 Kg5 66. Qg1+ Kf6 67. Qb6+ Kg5 68. Qe3+ Kf6 69. Qc3+ Kg5 70. Qd2+ Kg4
71. Qg2+ 1-0

[Event "8.HK 61 aars Jubilaeumsturnering 2004"]
[Site "Farum"]
[Date "2004.10.12"]
[Round "3"]
[White "Nilsson, Lars Kjoller"]
[Black "Nielsen, Marianne Izaura"]
[Result "1-0"]
[WhiteElo "2074"]
[BlackElo "1634"]
[PlyCount "42"]
[EventDate "2004.??.??"]

1. e4 c5 2. Nf3 Nc6 3. d4 cxd4 4. Nxd4 e5 5. Nb5 d6 6. N1c3 a6 7. Na3 b5 8. Nd5
Nf6 9. Bg5 Be7 10. Bxf6 Bxf6 11. c3 O-O 12. Nc2 Bg5 13. Bd3 f5 14. a4 bxa4 15.
Rxa4 Qe8 16. Nc7 Qd7 17. Nxa8 Qa7 18. Bb5 fxe4 19. O-O Qc5 20. Bc4+ Kh8 21. Qd5
Qa7 1-0

[Event "8.HK 61 aars Jubilaeumsturnering 2004"]
[Site "Farum"]
[Date "2004.10.12"]
[Round "3"]
[White "Forsmann, Henning"]
[Black "Ulrich, Jesper"]
[Result "0-1"]
[WhiteElo "1631"]
[BlackElo "2070"]
[PlyCount "100"]
[EventDate "2004.??.??"]

1. d4 d5 2. Nf3 Nf6 3. c4 e6 4. g3 c6 5. Bg2 Bd6 6. O-O Nbd7 7. Qc2 O-O 8. b3
Ne4 9. Nc3 f5 10. e3 g5 11. Bb2 h5 12. Nxe4 fxe4 13. Ne5 Bxe5 14. dxe5 g4 15.
f3 gxf3 16. Bxf3 Qg5 17. Bg2 Qxe3+ 18. Kh1 Qg5 19. Rxf8+ Nxf8 20. Rf1 Bd7 21.
Qf2 Qg7 22. Qf4 Nh7 23. Qh4 Qg5 24. Rf4 Rf8 25. Rxf8+ Kxf8 26. Qf4+ Qxf4 27.
gxf4 Kf7 28. Bd4 b6 29. c5 bxc5 30. Bxc5 a6 31. Bf1 Bc8 32. Be2 Kg6 33. Kg2 Kf5
34. Be3 c5 35. Bxh5 d4 36. Bc1 e3 37. Kf3 Bb7+ 38. Ke2 Kxf4 39. Ba3 Kxe5 40.
Bxc5 Be4 41. Bf3 Bxf3+ 42. Kxf3 Ng5+ 43. Ke2 Ke4 44. h4 Nh3 45. Bb4 Nf4+ 46.
Kd1 Kf3 47. Be1 e5 48. b4 e4 49. a4 e2+ 50. Kd2 d3 0-1

[Event "8.HK 61 aars Jubilaeumsturnering 2004"]
[Site "Farum"]
[Date "2004.10.12"]
[Round "3"]
[White "Lavrsen, Frands Winther"]
[Black "Bostrup, Tomas Due"]
[Result "1/2-1/2"]
[WhiteElo "1778"]
[BlackElo "1623"]
[PlyCount "89"]
[EventDate "2004.??.??"]

1. f4 Nf6 2. Nf3 g6 3. e3 Bg7 4. Be2 O-O 5. O-O d6 6. Qe1 c5 7. a4 b6 8. Na3
Na6 9. Rb1 Rb8 10. b3 Nc7 11. Bb2 a6 12. Qh4 b5 13. axb5 axb5 14. Ng5 h6 15.
Nh3 Ne4 16. Bxg7 Kxg7 17. Rbd1 e5 18. Qxd8 Rxd8 19. Nf2 Nf6 20. d4 exf4 21.
exf4 Ba6 22. Rd2 Ncd5 23. g3 Nc3 24. Re1 Nxe2+ 25. Rexe2 b4 26. Nc4 d5 27. Ne5
Bxe2 28. Rxe2 cxd4 29. Nc6 Rbc8 30. Nxd8 Rxd8 31. Rd2 Rc8 32. Kf1 Ne4 33. Nxe4
dxe4 34. Rxd4 Rxc2 35. Rxe4 Rxh2 36. Rxb4 Rb2 37. g4 h5 38. gxh5 gxh5 39. Rb5
Kg6 40. Rg5+ Kh6 41. Rb5 f6 42. b4 Kg6 43. Kg1 h4 44. Kf1 h3 45. Kg1 1/2-1/2

[Event "8.HK 61 aars Jubilaeumsturnering 2004"]
[Site "Farum"]
[Date "2004.10.12"]
[Round "3"]
[White "Pedersen, Jens Kornbaek"]
[Black "Larsen, Thomas"]
[Result "0-1"]
[WhiteElo "1364"]
[BlackElo "1856"]
[PlyCount "72"]
[EventDate "2004.??.??"]

1. d4 e6 2. Nf3 f5 3. Bg5 Be7 4. Bf4 Nf6 5. c4 O-O 6. Nc3 Ne4 7. Qc2 Nxc3 8.
Qxc3 d6 9. O-O-O Nd7 10. e3 g5 11. Bg3 f4 12. exf4 gxf4 13. Bxf4 Rxf4 14. Qe3
Bg5 15. Qxe6+ Rf7+ 16. Kb1 Ne5 17. Qd5 c6 18. Qe4 Bf5 19. Qxf5 Rxf5 20. dxe5
Bf4 21. g4 Rxe5 22. Nxe5 Bxe5 23. Bg2 Qb6 24. Rd2 Rf8 25. f3 Rf4 26. Rc2 d5 27.
c5 Qb4 28. h4 d4 29. Rd1 d3 30. Rxd3 Qe1+ 31. Rc1 Qe2 32. Rd8+ Rf8 33. Rc2 Qe1+
34. Rc1 Qf2 35. Rc2 Qg1+ 36. Rc1 Qxg2 0-1